| 000 | 00947nas a2200301 4500 | ||
|---|---|---|---|
| 001 | BR0900639 | ||
| 003 | BR-BrBNA | ||
| 005 | 20231205113106.0 | ||
| 007 | ta | ||
| 008 | 230509b bl.|||p| |||| 00| 00por d | ||
| 040 |
_aBR-BrBNA _bpor _cBiblioteca Nacional de Agricultura |
||
| 041 | _a(Pt) | ||
| 072 | _aL51; S01 | ||
| 100 | 1 | _aLima, R.C. | |
| 100 | 1 | _aFuentes, M. de F.F. | |
| 100 | 1 | _aFreitas, E.R. | |
| 100 | 1 | _aSucupira, F.S. | |
| 100 | 1 | _aMoreira, R.F. | |
| 100 | 1 | _aBráz, N. de M. | |
| 245 | 1 | _aFarelo de coco na ração de poedeiras comerciais: digestibilidade dos nutrientes , desempenho e qualidade dos ovos | |
| 650 | _aCONSUMO ALIMENTAR | ||
| 650 | _aDIGESTIBILIDADE | ||
| 650 | _aOVO | ||
| 650 | _aALIMENTO ALTERNATIVO | ||
| 773 | 0 |
_tRevista Brasileira de Zootecnia (Brazil) _xISSN 1516-3598 _g(Sep-Oct 2007), v. 36(5) p. 1340-1346 _wBR0900639 |
|
| 909 |
_a202311 _bLúcia _c55 _dLúcia Elande |
||
| 942 |
_2AGRIS _n0 _cANA |
||
| 999 |
_c201789 _d201789 |
||